Best Western Songs Ever - Statistics

General Stats
  • This quiz has been taken 26 times
  • The average score is 3 of 20
Answer Stats
Song Writer; Notable Performer(s) Song % Correct
Marty Robbins; Robbins, Michael Martin Murphey El Paso
70%
Marty Robbins; Robbins, Michael Martin Murphey Big Iron
39%
Glenn Frey & Don Henley; Eagles Desperado
26%
Brewster Higley & Daniel E. Kelley; Gene Autry Home on the Range
26%
Townes van Zandt; Merle Haggard & Willie Nelson Pancho and Lefty
26%
Gene Autry & Ray Whitley; Autry Back in the Saddle Again
9%
Tex Owens; Eddy Arnold Cattle Call
9%
Bob Nolan; Vaughn Monroe, Marty Robbins Cool Water
9%
Dimitri Tiomkin & Ned Washington; Tex Ritter High Noon (Do Not Forsake Me)
9%
Traditional; Eddy Arnold, Tex Ritter The Streets of Laredo
9%
Michael Martin Murphey; Murphey Wildfire
9%
Traditional; Michael Martin Murphey, Sons of the Pioneers Bury Me Not on the Lone Prairie
4%
Cole Porter & Robert Fletcher; Gene Autry Don't Fence Me In
4%
Traditional; Gene Autry Red River Valley
4%
Alan Jay Lerner & Frederick Loewe; Harve Presnell They Call the Wind Maria
4%
Bob McDill; Don Edwards Coyotes
0%
Stan Jones; Vaughn Monroe Ghost Riders in the Sky
0%
N. Howard Thorp; Red Steagall, Don Edwards Little Joe the Wrangler
0%
Traditional; Tennessee Ernie Ford Oh Shenandoah
0%
Bob Nolan; Roy Rogers & Sons of the Pioneers Tumbling Tumbleweeds
0%
No matching quizzes found
Score Distribution
Percent of People with Each Score
Percentile by Number Answered
Your Score History
You have not taken this quiz